000
00336nam a2200133Ia 4500
100
_a
Greenfield J.D & wray W.C
942
_c
BK
654
_a
The motorola family
245
_a
Using microprocessors & microcomputers : the motorola family
260
_b
John wiley
_a
Singapore
_c
1988
300
_a
718
546
_a
ENGLISH
999
_c
18561
_d
18561